书目信息 |
| 题名: |
电子邮件使用指南
|
|
| 作者: | [美]Larry Morris , [美]Larry Morris , 忻宏杰 著 | |
| 分册: | ||
| 出版信息: | 北京 清华大学出版社 1995.04 |
|
| 页数: | 352页 | |
| 开本: | 16开 | |
| 丛书名: | ||
| 单 册: | ||
| 中图分类: | TP393.098 | |
| 科图分类: | ||
| 主题词: | 计算机应用 | |
| 电子资源: | ||
| ISBN: | 7-302-01861-8 | |
| 000 | 00710nam0 2200229 45 | |
| 001 | 0005181038 | |
| 005 | 20000518102849.3 | |
| 010 | @a7-302-01861-8@d38.00元 | |
| 100 | @a20000518d1995 km y0chiy0120 ea | |
| 101 | @achi | |
| 105 | @a z 000yy | |
| 200 | 1 | @a电子邮件使用指南@ADian Zi You Jian Shi Yong Zhi Nan@f[美]Larry Morris 著;赵军,忻宏杰译@F[Mei]Larry Morris Zhu;Zhao Jun,Xin Hong Jie Yi |
| 205 | @a1 | |
| 210 | @a北京@c清华大学出版社@d1995.04 | |
| 215 | @a352页@d16开 | |
| 606 | 0 | @a计算机应用 |
| 690 | @aTP393.098@v3 | |
| 701 | @a[美]Larry Morris@4著 | |
| 701 | 0 | @a[美]Larry Morris@4著 |
| 701 | 0 | @a忻宏杰@4译 |
| 801 | @aCN@bPftUser@c20000518 | |
| 905 | @f3@b55625-627@dTP393.098@eZH.863 | |
| 电子邮件使用指南/[美]Larry Morris 著;赵军,忻宏杰译.-1.-北京:清华大学出版社,1995.04 |
| 352页;16开 |
| ISBN 7-302-01861-8:38.00元 |
| ● |
| 相关链接 |
|
|
|
正题名:电子邮件使用指南
索取号:TP393.098/ZH.863
 
预约/预借
| 序号 | 登录号 | 条形码 | 馆藏地/架位号 | 状态 | 备注 |
| 1 | 55625 | 200556255 | 自科二线400A/400A自科库 2排1列3层/ [索取号:TP393.098/ZH.863] | 在馆 | |
| 2 | 55626 | 200556264 | 自科二线400A/400A自科库 2排1列3层/ [索取号:TP393.098/ZH.863] | 在馆 | |
| 3 | 55627 | 200556273 | 自科二线400A/400A自科库 2排1列3层/ [索取号:TP393.098/ZH.863] | 在馆 |